000
00233nam a2200097Ia 4500
001
1050683
005
20250827001213.0
008
250824s9999 xx 000 0 und d
245
0
_a
SELAHADDİN
_c
ALİ EMRE
260
_b
KETEBE YAYINLARI
999
_c
1050683
_d
1050683